000 00845nam a2200241Ia 4500
003 OSt
005 20220923214911.0
006 a|||||r|||| 00| 0
007 ta
008 220922b |||||||| |||| 00| 0 hin d
024 _a173,597
037 _cTextual
040 _aARTS
_cARTS
_bhin
041 _2hin
_ahin
082 _aO152,1M56x, H9.1
100 _aउपाध्याय, प्रभाकरेश्वर प्रसाद, संपा.
245 0 _aप्रेमधन सर्वस्व, भाग 1
246 _aPremadhan sarvasva, bhāg 1
260 _c1949
650 _aहिन्दी साहित्य
_9156264
942 _hO152,1M56x, H9.1
_cTEXL
_2CC
999 _c327487
_d327487